000 00556nam a2200181Ia 4500
001 15718
005 20260306170216.0
008 260306t2010||||xx |||||||||||||| ||und||
041 _aESP
082 _a599.6367
_bP77
100 _aPonce Lozada, Julio
_eAUT
245 0 _aDeterminación de la densidad y distribución de subtipos de mastocitos:
_bEn diferentes tejidos de alpacas (vicugna pacos Linnaeus 1758), clínicamente sanas
260 _c2010
300 _a95 páginas :
_c24 cm.
650 _aGEN
654 _aCCN
942 _cLIB
_dJUS
_fJUS
_2ddc
_n
999 _c15718
_d15718